Англо український словник. Мовленнєві ідіоми, вигуки, звуконаслідування (Запис № 284337)
[ простий вигляд ]
| 000 -LEADER | |
|---|---|
| fixed length control field | 02567nam a22001697a 4500 |
| 020 ## - INTERNATIONAL STANDARD BOOK NUMBER | |
| International Standard Book Number | xxx9665781154 |
| 041 ## - LANGUAGE CODE | |
| Language code of text/sound track or separate title | eng |
| 080 ## - UNIVERSAL DECIMAL CLASSIFICATION NUMBER | |
| Universal Decimal Classification number | 81 |
| 090 ## - LOCALLY ASSIGNED LC-TYPE CALL NUMBER (OCLC); LOCAL CALL NUMBER (OCLC) | |
| Local cutter number (OCLC) ; Book number/undivided call number, CALL (RLIN) | МЕД |
| 100 ## - MAIN ENTRY--PERSONAL NAME | |
| Personal name | Медведєва Л., Холден Н. |
| 245 ## - TITLE STATEMENT | |
| Title | Англо український словник. Мовленнєві ідіоми, вигуки, звуконаслідування |
| 260 ## - PUBLICATION, DISTRIBUTION, ETC. (IMPRINT) | |
| Place of publication, distribution, etc | Київ |
| Name of publisher, distributor, etc | Дніпро |
| Date of publication, distribution, etc | 2003 |
| 300 ## - PHYSICAL DESCRIPTION | |
| Extent | 536 |
| 520 ## - SUMMARY, ETC. | |
| Summary, etc | Словник містить понад 4000 англійських прагматичних (мовленнєвих) ідіом та вигуків, які виражають різноманітні наміри мовця подяку, вибачення, поздоровлення, привітання, згоду, прохання, передають різні емоції, що досить часто супруводжують висловлювання захоплення, невдоволення, роздратування, здивування тощо, а також виконують комунікативно-організуючу і текстоорганізуючу роль. Крім того, Словник містить звуконаслідувальні слова та вирази, перш за все ті, що передають у мовленні звуки тварин та звертання до них людей.<br/>Після кожного граматичного утворення наведено його український відповідник, даються необхідні пояснення щодо особливостейїх вживання. Переважна більшість утворень проілюстрована прикладами їх вживання у мовленні. Словник також містить індекси груп прагматичних ідіом подібної комунікативної семантики, звуконаслідувань та заголовних виразів.<br/>Словник призначається для перекладачів, студентів, аспірантів, науковців, учителів, учнів та всіх, хто вивчає англійську мову. Він може бути також корисним носіям англійської мови, які вивчають українську, зокрема в українській діаспорі. |
| -- | словник, ідіоми, вигук |
| 650 ## - SUBJECT ADDED ENTRY--TOPICAL TERM | |
| Topical term or geographic name as entry element | Vocabulary |
| 942 ## - ADDED ENTRY ELEMENTS (KOHA) | |
| Koha item type | Книги |
| Withdrawn status | Lost status | Source of classification or shelving scheme | Damaged status | Not for loan | Home library | Current library | Date acquired | Source of acquisition | Cost, normal purchase price | Total Checkouts | Full call number | Barcode | Date last seen | Price effective from | Koha item type |
|---|---|---|---|---|---|---|---|---|---|---|---|---|---|---|---|
| Universal Decimal Classification | ВІЛ - Відділ іноземн. літератури НБ | ВІЛ - Відділ іноземн. літератури НБ | 11/04/2011 | Акт №01/11 | 62.00 | 81 | 214069 | 01/11/2021 | 11/04/2011 | Книги |